[Event "2BLN 2223 SK Zehlendorf - SK Norderstedt"]
[Site "?"]
[Date "2023.03.18"]
[Round "9.3"]
[White "Trent, Lawrence"]
[Black "Baskin, Robert"]
[Result "1/2-1/2"]
[WhiteElo "2403"]
[BlackElo "2438"]
[PlyCount "24"]
[EventDate "2023.??.??"]

1. d4 d5 2. Bf4 Nf6 3. Nc3 c5 4. e3 Bg4 5. Be2 Bxe2 6. Ngxe2 Nc6 7. Qd3 e6 8. O-O Be7 9. dxc5 Bxc5 10. e4 Nxe4 11. Nxe4 dxe4 12. Qxe4 O-O 1/2-1/2

[Event "2BLN 2223 SK Zehlendorf - SK Norderstedt"]
[Site "?"]
[Date "2023.03.18"]
[Round "9.4"]
[White "Brodowski, Piotr"]
[Black "Barski, Radoslaw"]
[Result "1/2-1/2"]
[WhiteElo "2462"]
[BlackElo "2442"]
[PlyCount "23"]
[EventDate "2023.??.??"]

1. Nf3 d5 2. d4 e6 3. c4 Nf6 4. Nc3 c6 5. e3 Nbd7 6. b3 Bd6 7. Be2 Ne4 8. Nxe4 dxe4 9. Nd2 f5 10. Bb2 O-O 11. Qc2 Qe7 12. O-O-O 1/2-1/2

[Event "2BLN 2223 SK Zehlendorf - SK Norderstedt"]
[Site "?"]
[Date "2023.03.18"]
[Round "9.5"]
[White "Kopylov, Michael"]
[Black "Stachowiak, Kamil"]
[Result "0-1"]
[WhiteElo "2358"]
[BlackElo "2456"]
[PlyCount "64"]
[EventDate "2023.??.??"]

1. d4 Nf6 2. c4 e6 3. g3 c5 4. Nf3 d5 5. Bg2 Nc6 6. O-O Be7 7. cxd5 exd5 8. dxc5 Bxc5 9. Nc3 O-O 10. Bg5 d4 11. Ne4 Be7 12. Bxf6 Bxf6 13. b4 a6 14. a4 Nxb4 15. Nxf6+ Qxf6 16. Qxd4 Qxd4 17. Nxd4 a5 18. Rfc1 Rb8 19. Rc7 Rd8 20. e3 b6 21. Bc6 Na6 22. Ra7 Nc5 23. Rb1 Bh3 24. f4 g6 25. Kf2 Kf8 26. Kf3 h5 27. Bb5 Bg4+ 28. Kf2 Rbc8 29. Ke1 Ne4 30. h3 Bxh3 31. Rb2 Bg4 32. Bc6 Rxc6 0-1

[Event "2BLN 2223 SK Zehlendorf - SK Norderstedt"]
[Site "?"]
[Date "2023.03.18"]
[Round "9.6"]
[White "Luch, Michal"]
[Black "Zierke, Oliver"]
[Result "1/2-1/2"]
[WhiteElo "2352"]
[BlackElo "2238"]
[PlyCount "25"]
[EventDate "2023.??.??"]

1. d4 d5 2. Nf3 c5 3. dxc5 e6 4. c4 Bxc5 5. e3 Nf6 6. a3 a5 7. Nc3 O-O 8. cxd5 exd5 9. Be2 Nc6 10. Nb5 Ne4 11. O-O Bg4 12. h3 Be6 13. Bd3 1/2-1/2

[Event "2BLN 2223 SK Zehlendorf - SK Norderstedt"]
[Site "?"]
[Date "2023.03.18"]
[Round "9.7"]
[White "Meyer, Falko"]
[Black "Meister, Jakob"]
[Result "1/2-1/2"]
[WhiteElo "2217"]
[BlackElo "2444"]
[PlyCount "99"]
[EventDate "2023.??.??"]

1. d4 Nf6 2. Nc3 d5 3. Bg5 e6 4. e4 dxe4 5. Nxe4 Be7 6. Nxf6+ Bxf6 7. Bxf6 Qxf6 8. c3 O-O 9. Qf3 Nd7 10. Qxf6 gxf6 11. Nf3 Rd8 12. Be2 b6 13. O-O Bb7 14. Rfd1 Kf8 15. Nd2 Ke7 16. Bf3 Bxf3 17. Nxf3 b5 18. d5 Ne5 19. Nxe5 fxe5 20. dxe6 Kxe6 21. Kf1 a5 22. Ke2 a4 23. Rxd8 Rxd8 24. Rd1 Rg8 25. g3 h5 26. Ke3 f5 27. h4 Rb8 28. Rd2 b4 29. cxb4 Rxb4 30. Rc2 Re4+ 31. Kd3 Rd4+ 32. Ke3 Kd6 33. f4 Re4+ 34. Kf3 exf4 35. gxf4 c5 36. Rg2 Rb4 37. Rg6+ Kd5 38. Rh6 Rxb2 39. Rxh5 Rxa2 40. Rxf5+ Kd4 41. Rf7 a3 42. h5 Rh2 43. Ra7 c4 44. Kg3 Rxh5 45. Rxa3 c3 46. Ra1 c2 47. Rc1 Kd3 48. Kg4 Rh2 49. f5 Rg2+ 50. Kh5 1/2-1/2

[Event "2BLN 2223 SK Zehlendorf - SK Norderstedt"]
[Site "?"]
[Date "2023.03.18"]
[Round "9.8"]
[White "Lagunow, Alexander"]
[Black "Hovhannisyan, Artur"]
[Result "1/2-1/2"]
[WhiteElo "2349"]
[BlackElo "2185"]
[PlyCount "85"]
[EventDate "2023.??.??"]

1. d4 Nf6 2. c4 e6 3. Nc3 d5 4. cxd5 exd5 5. Bg5 c6 6. e3 Be7 7. Bd3 Nbd7 8. Nge2 Nf8 9. Qc2 Ne6 10. Bxf6 Bxf6 11. O-O g6 12. b4 O-O 13. Na4 Ng7 14. b5 cxb5 15. Bxb5 Bf5 16. Bd3 Rc8 17. Nac3 Qa5 18. Bxf5 Nxf5 19. Qb3 Rfd8 20. Qxb7 Rxc3 21. Nxc3 Qxc3 22. Qxa7 Rc8 23. Qb7 Qc4 24. a4 Nd6 25. Qb2 Qc6 26. Rfb1 Bd8 27. a5 Nc4 28. Qb5 Qxb5 29. Rxb5 Bxa5 30. Rxd5 Bb4 31. g4 Na3 32. Rd7 Rc2 33. Ra7 Nc4 34. R1a2 Nb2 35. Kg2 Be1 36. Rb7 Rxf2+ 37. Kg1 Nd1 38. Rxf2 Bxf2+ 39. Kf1 Bh4 40. Ke2 Nf2 41. Kf3 Kg7 42. e4 Nh3 43. g5 1/2-1/2

[Event "2BLN 2223 SK König Tegel - SK Doppelbau"]
[Site "?"]
[Date "2023.03.18"]
[Round "9.1"]
[White "Parvanyan, Ashot"]
[Black "Rabiega, Robert"]
[Result "1/2-1/2"]
[WhiteElo "2434"]
[BlackElo "2468"]
[PlyCount "112"]
[EventDate "2023.??.??"]

1. Nf3 d5 2. g3 Nf6 3. Bg2 e6 4. O-O c5 5. c4 Nc6 6. d4 Be7 7. cxd5 exd5 8. Nc3 O-O 9. Bg5 c4 10. Ne5 Be6 11. b3 h6 12. Bf4 Qa5 13. Nxc6 bxc6 14. Na4 Rac8 15. Qc2 Rfd8 16. Rfd1 Bf8 17. bxc4 dxc4 18. e4 Rd7 19. Nb2 c3 20. Na4 Rcd8 21. Nxc3 Rxd4 22. Rxd4 Rxd4 23. Ne2 Ra4 24. e5 Nd5 25. Bd2 Bb4 26. Nd4 Bxd2 27. Nxe6 fxe6 28. Bxd5 cxd5 29. Qc8+ Kh7 30. Rd1 Bc3 31. Qxe6 Qb6 32. Qxd5 Rd4 33. Rxd4 Qxd4 34. Qf7 Qxe5 35. Qxa7 Bd4 36. Qf7 Qf6 37. Qxf6 gxf6 38. Kg2 Kg6 39. f4 Kf5 40. Kf3 h5 41. a4 Bb6 42. h3 Ke6 43. Ke4 Ba5 44. g4 h4 45. Kd3 Kd5 46. Ke3 Bd8 47. Kf3 Bb6 48. Ke2 Ke4 49. g5 fxg5 50. fxg5 Kf5 51. Kf3 Kxg5 52. a5 Bxa5 53. Kg2 Bb6 54. Kf3 Ba5 55. Kg2 Bb6 56. Kf3 Ba5 1/2-1/2

[Event "2BLN 2223 SK König Tegel - SK Doppelbau"]
[Site "?"]
[Date "2023.03.18"]
[Round "9.2"]
[White "Richter, Michael"]
[Black "Olsen, Filip Boe"]
[Result "1/2-1/2"]
[WhiteElo "2466"]
[BlackElo "2429"]
[PlyCount "206"]
[EventDate "2023.??.??"]

1. d4 Nf6 2. Bg5 d5 3. Bxf6 gxf6 4. e3 c5 5. dxc5 e6 6. c4 dxc4 7. Nd2 c3 8. bxc3 Bxc5 9. Qh5 Be7 10. Ngf3 Nc6 11. Rb1 a6 12. Be2 Qa5 13. Qh6 Qf5 14. O-O Qg6 15. Qf4 O-O 16. e4 Rd8 17. Nc4 b5 18. Nb6 Rb8 19. Nxc8 Rbxc8 20. a4 Ne5 21. axb5 axb5 22. Nxe5 fxe5 23. Qf3 Qf6 24. Qxf6 Bxf6 25. Rb3 Rd2 26. Bxb5 Be7 27. g3 Bc5 28. Ba6 Ra8 29. Rb5 Be7 30. Rb6 Rd6 31. Rxd6 Bxd6 32. Ra1 Rb8 33. Be2 Rb2 34. Kf1 Bc5 35. Ra8+ Kg7 36. Rc8 Bb6 37. Rb8 Rb1+ 38. Kg2 Rb2 39. Kf3 Kg6 40. h4 f5 41. exf5+ exf5 42. c4 e4+ 43. Kg2 Rxe2 44. Rxb6+ Kf7 45. Kf1 Rc2 46. Rc6 Rc1+ 47. Ke2 Rc2+ 48. Ke3 Rc3+ 49. Kd2 Rf3 50. Ke2 f4 51. gxf4 Rxf4 52. h5 Rf5 53. Ke3 Rxh5 54. Kxe4 Rh1 55. Kf5 h5 56. Rc7+ Ke8 57. f4 h4 58. Kf6 h3 59. Re7+ Kd8 60. f5 h2 61. Re2 Kd7 62. c5 Kc6 63. Ke6 Kxc5 64. f6 Kd4 65. f7 Kd3 66. Rxh2 Rxh2 67. f8=Q Ke2 68. Ke5 Rh5+ 69. Kf4 Rh4+ 70. Kg3 Rd4 71. Qf3+ Kd2 72. Kf2 Kc2 73. Qa3 Rd3 74. Qb4 Rb3 75. Qa4 Kc3 76. Ke3 Rb4 77. Qc6+ Rc4 78. Qb5 Rb4 79. Qc6+ Rc4 80. Qb5 Rb4 81. Qe5+ Kb3 82. Kd3 Ka4 83. Qc7 Rb3+ 84. Kc2 Rb5 85. Qd8 Rb4 86. Qd6 Kb5 87. Kc3 Rc4+ 88. Kd3 Rc6 89. Qd7 Kc5 90. Ke4 Rb6 91. Qd5+ Kb4 92. Kd4 Ka4 93. Kc3 Rh6 94. Kc4 Rh4+ 95. Kc5 Ka3 96. Qf3+ Ka4 97. Qd1+ Ka3 98. Qd3+ Ka4 99. Qe2 Kb3 100. Qf3+ Ka4 101. Qa8+ Kb3 102. Qb7+ Ka3 103. Qf3+ Ka4 1/2-1/2

[Event "2BLN 2223 SK König Tegel - SK Doppelbau"]
[Site "?"]
[Date "2023.03.18"]
[Round "9.3"]
[White "Barseghyan, Armen Ar."]
[Black "Bruedigam, Martin"]
[Result "1/2-1/2"]
[WhiteElo "2382"]
[BlackElo "2386"]
[PlyCount "74"]
[EventDate "2023.??.??"]

1. d4 Nf6 2. Nf3 d5 3. Bf4 c5 4. e3 Nc6 5. Nbd2 cxd4 6. exd4 Bg4 7. c3 e6 8. Qb3 Qc8 9. Bb5 Bh5 10. Ne5 Nd7 11. Bxc6 bxc6 12. Qa4 Bd6 13. O-O Qc7 14. Rfe1 Nb6 15. Qa5 O-O 16. Bg3 c5 17. Nd3 Bxg3 18. hxg3 cxd4 19. cxd4 Qc2 20. Re3 Rfc8 21. b3 Qc3 22. Qxc3 Rxc3 23. Ne5 Rc2 24. Nf1 Be2 25. a4 Rb8 26. Nh2 Nc8 27. Re1 Bh5 28. g4 Bg6 29. Nhf3 Rb4 30. Rd1 Ne7 31. Ne1 Ra2 32. Rc3 h5 33. g5 Bf5 34. Nd7 Rb7 35. Nc5 Rb4 36. Nd7 Rb7 37. Nc5 Rb4 1/2-1/2

[Event "2BLN 2223 SK König Tegel - SK Doppelbau"]
[Site "?"]
[Date "2023.03.18"]
[Round "9.4"]
[White "Fruebing, Stefan"]
[Black "Hector, Jonny"]
[Result "0-1"]
[WhiteElo "2336"]
[BlackElo "2465"]
[PlyCount "70"]
[EventDate "2023.??.??"]

1. e4 e5 2. Nf3 Nc6 3. Bc4 Nf6 4. d3 d5 5. exd5 Nxd5 6. O-O Bg4 7. h3 Bh5 8. Re1 Qd6 9. Nbd2 O-O-O 10. Ne4 Qd7 11. Nxe5 Qf5 12. Ng4 Bd6 13. Nxd6+ Rxd6 14. Qd2 Rg6 15. Bxd5 Qxd5 16. Qf4 Bxg4 17. hxg4 Qd7 18. Re4 h5 19. g5 h4 20. Be3 f6 21. gxf6 gxf6 22. Kh1 f5 23. Rc4 Rg4 24. Qh2 h3 25. Rxg4 fxg4 26. Kg1 Rh7 27. Qf4 b6 28. Re1 Kb7 29. a3 hxg2 30. Re2 Rh1+ 31. Kxg2 Qd5+ 32. Qe4 Qh5 33. Kg3 Qh2+ 34. Kxg4 Qh5+ 35. Kg3 Rg1+ 0-1

[Event "2BLN 2223 SK König Tegel - SK Doppelbau"]
[Site "?"]
[Date "2023.03.18"]
[Round "9.5"]
[White "Arndt, Magnus"]
[Black "Rietze, Clemens"]
[Result "1-0"]
[WhiteElo "2410"]
[BlackElo "2325"]
[PlyCount "113"]
[EventDate "2023.??.??"]

1. e4 c6 2. Nf3 d5 3. d3 Qc7 4. Nc3 dxe4 5. dxe4 e5 6. Bc4 h6 7. O-O Nf6 8. Nh4 g5 9. Qf3 Nh7 10. Nf5 Be6 11. Bb3 Rg8 12. Rd1 Rg6 13. h4 g4 14. Qe2 Nf6 15. Bxe6 fxe6 16. Ng3 Qe7 17. Be3 Nbd7 18. a4 a5 19. Qd2 Nc5 20. h5 Rg8 21. Bxh6 Bxh6 22. Qxh6 Kf7 23. Rd2 Rg7 24. Rad1 Rag8 25. Qe3 Rh7 26. Nce2 Rgh8 27. Qg5 Ncd7 28. Rd6 Rg7 29. Qd2 Nf8 30. Qxa5 Rg5 31. Qd2 Nxh5 32. Nxh5 Rgxh5 33. Ng3 Rh2 34. Kf1 Qf6 35. Qe3 Qf4 36. Rd8 Kg6 37. Re8 Qxe3 38. fxe3 R2h7 39. Rd2 Kf7 40. Rb8 Kg6 41. Rf2 Nd7 42. Rxb7 Nc5 43. Rxh7 Rxh7 44. b3 Kg5 45. Rf8 Rd7 46. Kg1 Rd2 47. Rc8 Rd6 48. a5 Kf6 49. Ra8 Ke7 50. b4 Na4 51. c4 Rd1+ 52. Kh2 Kd7 53. b5 Kc7 54. b6+ Kb7 55. Ra7+ Kb8 56. Rc7 Rd6 57. a6 1-0

[Event "2BLN 2223 SK König Tegel - SK Doppelbau"]
[Site "?"]
[Date "2023.03.18"]
[Round "9.6"]
[White "Sarbok, Torsten"]
[Black "Kopylov, Daniel"]
[Result "1-0"]
[WhiteElo "2337"]
[BlackElo "2329"]
[PlyCount "142"]
[EventDate "2023.??.??"]

1. e4 c5 2. Nf3 Nc6 3. Bb5 d6 4. O-O Bd7 5. Re1 Nf6 6. h3 e6 7. c3 d5 8. d3 Be7 9. Ba4 d4 10. c4 Nb4 11. Bb3 h6 12. a3 Nc6 13. e5 Nh7 14. Nh2 Qc7 15. Bf4 Nf8 16. Bg3 g5 17. Ng4 O-O-O 18. Nf6 Ng6 19. Nxd7 Rxd7 20. Ba4 Rdd8 21. Qe2 h5 22. Nd2 Rdg8 23. Qe4 Nd8 24. Bd1 Nh4 25. Bxh4 gxh4 26. f4 Rg6 27. Bf3 f6 28. Qe2 Rhg8 29. Qf2 Rg3 30. Kh1 Nf7 31. Rg1 Nh6 32. Nf1 Ng4 33. Qe2 Ne3 34. Nxe3 dxe3 35. Qxe3 Rd8 36. Rab1 Rd4 37. b4 b6 38. Rge1 Bf8 39. a4 Qd7 40. bxc5 Bxc5 41. Qe2 Qxa4 42. Rf1 Qd7 43. Rbd1 Rxf4 44. Qd2 Rd4 45. Qh6 Kc7 46. Qxh5 a5 47. Qh8 Qd8 48. Qh6 Qe7 49. Qd2 a4 50. Qc2 Qd7 51. Ra1 a3 52. Rfd1 Rg8 53. Qb3 Rc8 54. Rxa3 Bxa3 55. Qxa3 Kd8 56. Qb4 Rxd3 57. Qxb6+ Ke7 58. Ra1 Rc7 59. Ra8 Kf7 60. Qb8 Kg6 61. Qh8 Kg5 62. Rg8+ Kf4 63. Qxh4+ Ke3 64. Rg6 Kd2 65. Qf4+ Kc2 66. Rxf6 Rd4 67. Qh6 Rcxc4 68. Rxe6 Rf4 69. Rd6 Qa7 70. Qe6 Rc3 71. Ra6 Qe3 1-0

[Event "2BLN 2223 SK König Tegel - SK Doppelbau"]
[Site "?"]
[Date "2023.03.18"]
[Round "9.7"]
[White "Pajeken, Wolfgang"]
[Black "Von Herman, Ulf"]
[Result "0-1"]
[WhiteElo "2253"]
[BlackElo "2329"]
[PlyCount "117"]
[EventDate "2023.??.??"]

1. d4 Nf6 2. c4 e6 3. Nc3 Bb4 4. Nf3 O-O 5. Bg5 h6 6. Bh4 c5 7. dxc5 Na6 8. Rc1 Nxc5 9. Nd2 g5 10. Bg3 Nfe4 11. f3 Bxc3 12. bxc3 Nxg3 13. hxg3 Qc7 14. Kf2 Kg7 15. Nb3 d6 16. e3 e5 17. Be2 Be6 18. Qc2 Rad8 19. g4 f5 20. gxf5 Bxf5 21. Qb2 b6 22. Rcd1 Be6 23. Nd2 Rf6 24. Nf1 Bf5 25. Ng3 Bg6 26. Ke1 e4 27. Rd5 exf3 28. gxf3 Qe7 29. Qd2 Re8 30. e4 Nd7 31. Kd1 Ne5 32. Qd4 Ref8 33. Kc1 Kh7 34. Rd1 Nxf3 35. Bxf3 Rxf3 36. Rxd6 Qg7 37. Rd7 R8f7 38. Rxf7 Bxf7 39. Qxg7+ Kxg7 40. Nf5+ Kf6 41. Nxh6 Be6 42. Kc2 Ke5 43. Rg1 Kf4 44. Kb3 Rf2 45. a4 g4 46. a5 g3 47. axb6 axb6 48. Ka4 g2 49. Kb5 Rb2+ 50. Kc6 Kxe4 51. c5 bxc5 52. Kxc5 Ke5 53. Re1+ Kf6 54. Kd4 Rf2 55. Rg1 Bh3 56. Ke3 Rf1 57. Ng4+ Kf5 58. Nf2 Rxg1 59. Nxh3 0-1

[Event "2BLN 2223 SK König Tegel - SK Doppelbau"]
[Site "?"]
[Date "2023.03.18"]
[Round "9.8"]
[White "Dimitrijeski, Kristian"]
[Black "Ermitsch, Magnus"]
[Result "0-1"]
[WhiteElo "2135"]
[BlackElo "2258"]
[PlyCount "66"]
[EventDate "2023.??.??"]

1. d4 d5 2. c4 c6 3. cxd5 cxd5 4. Nc3 Nf6 5. Bf4 Nc6 6. e3 Bf5 7. Nf3 e6 8. Bb5 Nd7 9. O-O Rc8 10. Rc1 Be7 11. Ne5 Ndxe5 12. Bxe5 O-O 13. Bf4 a6 14. Bd3 Bxd3 15. Qxd3 Qa5 16. a3 b5 17. Ra1 Qb6 18. b4 Na7 19. Rfc1 Rc4 20. Ne2 a5 21. bxa5 Qxa5 22. Rxc4 bxc4 23. Qc2 Nb5 24. a4 Na3 25. Qd1 Rc8 26. Ng3 c3 27. e4 c2 28. Qf1 Qxa4 29. exd5 Qxd4 30. Be3 Qxd5 31. Qa6 Qd1+ 32. Nf1 c1=Q 33. Rxc1 Rxc1 0-1

[Event "2BLN 2223 SV Werder Bremen II - FC St. P"]
[Site "?"]
[Date "2023.03.18"]
[Round "9.1"]
[White "Socko, Bartosz"]
[Black "Nyback, Tomi"]
[Result "1-0"]
[WhiteElo "2618"]
[BlackElo "2574"]
[PlyCount "141"]
[EventDate "2023.??.??"]

1. d4 Nf6 2. c4 g6 3. g3 c6 4. Bg2 d5 5. Nf3 Bg7 6. O-O O-O 7. Ne5 Nbd7 8. Nc3 Nxe5 9. dxe5 Ne4 10. cxd5 Nxc3 11. bxc3 cxd5 12. f4 Qb6+ 13. Qd4 Qxd4+ 14. cxd4 Rd8 15. Ba3 e6 16. e4 dxe4 17. Bxe4 Bf8 18. Bxf8 Kxf8 19. Rfd1 Rb8 20. Rac1 Bd7 21. Kf2 Rdc8 22. Ke3 b6 23. h4 Rxc1 24. Rxc1 Rc8 25. Rxc8+ Bxc8 26. Kd3 Bd7 27. Kc4 h6 28. a3 Ke7 29. Bf3 h5 30. d5 exd5+ 31. Kxd5 Ba4 32. Bg2 Kd7 33. Bh3+ Kc7 34. f5 Bc6+ 35. Kd4 gxf5 36. Bxf5 Kd8 37. g4 hxg4 38. Bxg4 Ke7 39. h5 Ba4 40. h6 Bc2 41. Kd5 Kf8 42. Be2 Ke7 43. Bg4 Bh7 44. Bf3 Kf8 45. Kc6 Bd3 46. Kb7 Kg8 47. Bd5 Kh7 48. Bxf7 Kxh6 49. e6 Kg7 50. Kc6 Kf6 51. Kd6 Bc4 52. Bg8 Bb5 53. e7 Be8 54. Be6 b5 55. Bc8 a5 56. Bd7 Kf7 57. Be6+ Kf6 58. Bb3 b4 59. a4 Bg6 60. Bc4 Bh5 61. Be2 Bg6 62. Bd3 Bh5 63. Bc2 Be8 64. Bd1 Bg6 65. Kd7 Ke5 66. e8=Q+ Bxe8+ 67. Kxe8 Kd4 68. Kd7 Kc3 69. Kc6 b3 70. Bxb3 Kxb3 71. Kb5 1-0

[Event "2BLN 2223 SV Werder Bremen II - FC St. P"]
[Site "?"]
[Date "2023.03.18"]
[Round "9.2"]
[White "Markgraf, Alexander"]
[Black "Janik, Igor"]
[Result "0-1"]
[WhiteElo "2461"]
[BlackElo "2527"]
[PlyCount "64"]
[EventDate "2023.??.??"]

1. e4 c6 2. d4 d5 3. e5 Bf5 4. Nd2 e6 5. Nb3 c5 6. dxc5 Bxc5 7. Nxc5 Qa5+ 8. c3 Qxc5 9. Nf3 Ne7 10. Nd4 Nd7 11. Be3 Qc7 12. f4 a6 13. Be2 Be4 14. O-O O-O 15. Qd2 Rac8 16. Rac1 b5 17. b3 Qb7 18. Ra1 Nc6 19. Rfc1 h6 20. Bf1 Rc7 21. Nxc6 Rxc6 22. Bd4 Rfc8 23. Qe3 Qc7 24. a4 b4 25. c4 Qb7 26. a5 R6c7 27. cxd5 Bxd5 28. Rxc7 Rxc7 29. Ra2 Rc6 30. Rd2 Qc7 31. Bb2 Qxa5 32. h3 Nc5 0-1

[Event "2BLN 2223 SV Werder Bremen II - FC St. P"]
[Site "?"]
[Date "2023.03.18"]
[Round "9.3"]
[White "Feuerstack, Aljoscha"]
[Black "Fish, Gennadij"]
[Result "1-0"]
[WhiteElo "2463"]
[BlackElo "2450"]
[PlyCount "81"]
[EventDate "2023.??.??"]

1. d4 Nf6 2. c4 e6 3. g3 d5 4. Bg2 c5 5. cxd5 exd5 6. Nf3 Nc6 7. O-O Be7 8. Nc3 Be6 9. dxc5 Bxc5 10. Na4 Be7 11. Be3 Ne4 12. Nd4 Nxd4 13. Qxd4 Bf6 14. Qb4 Qe7 15. Nc5 O-O 16. Bxe4 dxe4 17. Qxe4 Bh3 18. Rfd1 Qxe4 19. Nxe4 Bxb2 20. Rab1 Bf5 21. f3 Bxe4 22. fxe4 Bf6 23. Rxb7 Rfe8 24. Rb4 Re6 25. Rd7 h6 26. Kg2 a5 27. Ra4 Bc3 28. Rc4 Bb4 29. Rd5 Rb8 30. Bc1 Ra6 31. Kf3 Be7 32. Bf4 Rb2 33. Rc8+ Kh7 34. Rc7 Re6 35. e5 Rxa2 36. Rdd7 Bf8 37. Rxf7 Kg8 38. Rfd7 g5 39. Rc8 gxf4 40. gxf4 Ra3+ 41. Ke4 1-0

[Event "2BLN 2223 SV Werder Bremen II - FC St. P"]
[Site "?"]
[Date "2023.03.18"]
[Round "9.4"]
[White "Carlstedt, Jonathan"]
[Black "Krause, Benedict"]
[Result "1/2-1/2"]
[WhiteElo "2449"]
[BlackElo "2421"]
[PlyCount "69"]
[EventDate "2023.??.??"]

1. d4 Nf6 2. c4 g6 3. Nc3 d5 4. Nf3 Bg7 5. e3 O-O 6. cxd5 Nxd5 7. Bc4 Nb6 8. Bb3 c5 9. O-O cxd4 10. exd4 Nc6 11. d5 Na5 12. Re1 Re8 13. Bg5 Bg4 14. h3 Bxc3 15. bxc3 Bxf3 16. Qxf3 Nxb3 17. axb3 Qxd5 18. Qxd5 Nxd5 19. c4 f6 20. Bd2 Nc7 21. Be3 b5 22. Bxa7 bxc4 23. bxc4 Kf7 24. Be3 Rxa1 25. Rxa1 Rc8 26. Kf1 Ne8 27. c5 Nc7 28. Ke2 Ke6 29. Kd3 Kd5 30. Kc3 Ne6 31. Ra5 Nxc5 32. Kb4 Rb8+ 33. Kc3 Rc8 34. Kb4 Rb8+ 35. Kc3 1/2-1/2

[Event "2BLN 2223 SV Werder Bremen II - FC St. P"]
[Site "?"]
[Date "2023.03.18"]
[Round "9.5"]
[White "Krause, Jonah"]
[Black "Colbow, Collin"]
[Result "1/2-1/2"]
[WhiteElo "2386"]
[BlackElo "2409"]
[PlyCount "35"]
[EventDate "2023.??.??"]

1. d4 Nf6 2. c4 e6 3. Nf3 d5 4. Nc3 dxc4 5. e4 b5 6. e5 Nd5 7. Nxb5 Nb6 8. Be2 Nc6 9. O-O Be7 10. Be3 O-O 11. Nc3 Rb8 12. Qc1 Nb4 13. Rd1 Bb7 14. Nd2 Qd7 15. Bf1 a5 16. b3 Nd3 17. Qc2 Nb4 18. Qc1 1/2-1/2

[Event "2BLN 2223 SV Werder Bremen II - FC St. P"]
[Site "?"]
[Date "2023.03.18"]
[Round "9.6"]
[White "Joachim, Sven"]
[Black "Sawatzki, Frank"]
[Result "1-0"]
[WhiteElo "2384"]
[BlackElo "2359"]
[PlyCount "59"]
[EventDate "2023.??.??"]

1. e4 c5 2. Nf3 Nc6 3. Bc4 e6 4. O-O d6 5. Re1 Nf6 6. Bb3 Be7 7. c3 e5 8. h3 Qb6 9. Na3 Be6 10. d3 O-O 11. Bxe6 fxe6 12. Nc4 Qc7 13. a4 Nd7 14. Bd2 Rf7 15. b4 cxb4 16. cxb4 Raf8 17. b5 Nd4 18. Nxd4 exd4 19. Re2 Ne5 20. Nxe5 dxe5 21. Rc1 Qd7 22. Qb3 h6 23. Ba5 Bd6 24. Rec2 Qe7 25. Bc7 Rc8 26. Bxd6 Rxc2 27. Qxc2 Qxd6 28. Qc5 Qd8 29. Qxe5 Qa5 30. Qxe6 1-0

[Event "2BLN 2223 SV Werder Bremen II - FC St. P"]
[Site "?"]
[Date "2023.03.18"]
[Round "9.7"]
[White "Mueller, Fabian"]
[Black "Breutigam, Martin"]
[Result "0-1"]
[WhiteElo "2308"]
[BlackElo "2350"]
[PlyCount "82"]
[EventDate "2023.??.??"]

1. e4 c6 2. d4 d5 3. e5 c5 4. dxc5 e6 5. Bd3 Nc6 6. Nf3 Bxc5 7. a3 Nge7 8. O-O Ng6 9. Qe2 Qc7 10. Re1 Bd7 11. Nc3 a6 12. h4 Nd4 13. Nxd4 Bxd4 14. Be3 Bxe3 15. Qxe3 Nxh4 16. Ne2 Ng6 17. Nd4 O-O 18. g3 f5 19. f4 Ne7 20. Kg2 Nc6 21. Rh1 Nxd4 22. Qxd4 h6 23. Kf2 Bb5 24. Rhc1 Rfc8 25. Ke3 Qf7 26. Bxb5 axb5 27. c3 Rc4 28. Qb6 Qd7 29. Qd6 Qxd6 30. exd6 Rd8 31. b3 Re4+ 32. Kd3 Rxd6 33. a4 bxa4 34. Rxa4 Rxa4 35. bxa4 Ra6 36. Rb1 Rxa4 37. Rxb7 Re4 38. Ra7 Kh7 39. Rb7 Kg6 40. Ra7 Kf6 41. Rb7 Re1 0-1

[Event "2BLN 2223 SV Werder Bremen II - FC St. P"]
[Site "?"]
[Date "2023.03.18"]
[Round "9.8"]
[White "Richter, Christian"]
[Black "Voigt, Martin"]
[Result "1/2-1/2"]
[WhiteElo "2359"]
[BlackElo "2323"]
[PlyCount "43"]
[EventDate "2023.??.??"]

1. d4 d5 2. Nf3 e6 3. c4 a6 4. cxd5 exd5 5. Nc3 Nf6 6. Bg5 Be6 7. e3 Nbd7 8. Bd3 Bd6 9. Qc2 h6 10. Bf4 Qe7 11. O-O O-O 12. h3 Rac8 13. Rfe1 c5 14. Bxd6 Qxd6 15. dxc5 Rxc5 16. Rad1 Rfc8 17. Qe2 Ne5 18. Rd2 Nxf3+ 19. Qxf3 Qe5 20. Bb1 Rc4 21. Red1 g5 22. Qg3 1/2-1/2

[Event "2BLN 2223 HSK Lister Turm - Hamburger SK"]
[Site "?"]
[Date "2023.03.18"]
[Round "9.1"]
[White "Peyrer, Konstantin"]
[Black "Schneider, Ilja"]
[Result "1/2-1/2"]
[WhiteElo "2395"]
[BlackElo "2474"]
[PlyCount "101"]
[EventDate "2023.??.??"]

1. c4 c6 2. d4 d5 3. Nf3 Nf6 4. e3 Bf5 5. Nc3 a6 6. Qb3 Ra7 7. a4 e6 8. a5 Nbd7 9. Nh4 Be4 10. Nxe4 Nxe4 11. Nf3 Bd6 12. Nd2 f5 13. g3 O-O 14. Bg2 Kh8 15. O-O Qe7 16. Nxe4 dxe4 17. f3 exf3 18. Bxf3 c5 19. Bd2 e5 20. Rae1 Qf6 21. Qa4 Qd8 22. dxe5 Bxe5 23. Qc2 Nf6 24. Re2 g6 25. Rd1 Qc7 26. Bc3 Kg7 27. Red2 Re8 28. Kg2 Raa8 29. b3 Rab8 30. Qb2 b6 31. Bc6 Bxc3 32. Qxc3 Qe5 33. Rd3 Qxc3 34. Rxc3 Re6 35. Bf3 bxa5 36. Ra1 Reb6 37. Rxa5 Rxb3 38. Rxb3 Rxb3 39. Rxc5 Rxe3 40. Rc7+ Kh6 41. Rf7 Ne4 42. Re7 a5 43. Bxe4 Rxe4 44. Rxe4 fxe4 45. c5 a4 46. c6 a3 47. c7 a2 48. c8=Q a1=Q 49. Qh3+ Kg7 50. Qd7+ Kg8 51. Qe8+ 1/2-1/2

[Event "2BLN 2223 HSK Lister Turm - Hamburger SK"]
[Site "?"]
[Date "2023.03.18"]
[Round "9.2"]
[White "Abel, Dennes"]
[Black "Bracker, Frank"]
[Result "1-0"]
[WhiteElo "2403"]
[BlackElo "2321"]
[PlyCount "63"]
[EventDate "2023.??.??"]

1. Nf3 d5 2. e3 Nf6 3. c4 e6 4. Nc3 Bd6 5. b3 O-O 6. Bb2 Re8 7. Be2 b6 8. cxd5 exd5 9. Nb5 Be7 10. Be5 Na6 11. Rc1 c5 12. O-O Bb7 13. d4 Ne4 14. h3 Bf8 15. Bh2 g6 16. a3 Nd6 17. Qc2 Re6 18. Nxd6 Bxd6 19. Bxd6 Rxd6 20. Rfd1 Rc8 21. Qb2 f6 22. Rd2 Nb8 23. dxc5 bxc5 24. b4 cxb4 25. Rxc8 Bxc8 26. axb4 Kg7 27. Nd4 Bd7 28. b5 Qb6 29. Qa3 a6 30. Nc6 Re6 31. Nxb8 Qxb8 32. bxa6 1-0

[Event "2BLN 2223 HSK Lister Turm - Hamburger SK"]
[Site "?"]
[Date "2023.03.18"]
[Round "9.3"]
[White "Van Delft, Merijn"]
[Black "Petkidis, Anthony"]
[Result "1-0"]
[WhiteElo "2356"]
[BlackElo "2431"]
[PlyCount "117"]
[EventDate "2023.??.??"]

1. e4 e5 2. Nf3 Nc6 3. Bb5 a6 4. Ba4 Nf6 5. O-O Be7 6. Re1 b5 7. Bb3 O-O 8. a4 Bb7 9. d3 d6 10. Nbd2 Nb8 11. axb5 axb5 12. Rxa8 Bxa8 13. Nf1 Nbd7 14. Ng3 Nc5 15. Ba2 Re8 16. b4 Ne6 17. Nf5 Bf8 18. Bd2 Bb7 19. Bb3 Qa8 20. Ng5 d5 21. Qf3 dxe4 22. dxe4 Nxg5 23. Bxg5 Bxe4 24. Nh6+ gxh6 25. Qxf6 Bg6 26. Bd2 Qd8 27. Qxd8 Rxd8 28. Bc3 e4 29. f3 c5 30. bxc5 Bxc5+ 31. Kf1 e3 32. Bf6 Rd2 33. Ra1 Bf8 34. Ra8 Rd7 35. Ke2 h5 36. h4 Bf5 37. Kxe3 Be6 38. Kf4 Rc7 39. Re8 Bd7 40. Rd8 Be6 41. Rb8 Bxb3 42. cxb3 b4 43. Be5 Rc6 44. Kf5 Re6 45. g4 hxg4 46. fxg4 Rc6 47. h5 h6 48. Rd8 Ra6 49. Rc8 Ra5 50. Ke4 Ra6 51. Bd4 Ra5 52. Be3 Kg7 53. Bxh6+ Kxh6 54. Rxf8 Ra3 55. Rxf7 Rxb3 56. Rf6+ Kg5 57. Rg6+ Kh4 58. h6 Rh3 59. Kf4 1-0

[Event "2BLN 2223 HSK Lister Turm - Hamburger SK"]
[Site "?"]
[Date "2023.03.18"]
[Round "9.4"]
[White "Pfreundt, Jakob"]
[Black "Colpe, Malte"]
[Result "1/2-1/2"]
[WhiteElo "2407"]
[BlackElo "2356"]
[PlyCount "99"]
[EventDate "2023.??.??"]

1. e4 e5 2. Nf3 Nf6 3. Nxe5 d6 4. Nd3 Nxe4 5. Qe2 Qe7 6. Nf4 Nc6 7. Nd5 Nd4 8. Nxe7 Nxe2 9. Nd5 Nd4 10. Na3 Ne6 11. f3 N4c5 12. d4 Nd7 13. c3 c6 14. Nf4 d5 15. Nxe6 fxe6 16. Bf4 Bxa3 17. bxa3 a5 18. Kd2 O-O 19. Bd6 Re8 20. Bd3 b6 21. a4 Ba6 22. Bxa6 Rxa6 23. Rab1 b5 24. Bg3 b4 25. cxb4 axb4 26. Rxb4 Rea8 27. Rc1 Nb6 28. a5 Nc4+ 29. Rcxc4 dxc4 30. Bc7 Kf7 31. Kc3 Ke7 32. Kxc4 Kd7 33. Be5 Kc8 34. Kc5 Rxa5+ 35. Kd6 Rxa2 36. g4 R2a6 37. Bxg7 R8a7 38. Be5 Rd7+ 39. Kc5 Rd5+ 40. Kc4 Rb5 41. Rxb5 cxb5+ 42. Kxb5 Ra3 43. Kc6 Ra6+ 44. Kc5 Kd7 45. f4 Rc6+ 46. Kb4 Rc2 47. f5 exf5 48. gxf5 h6 49. Kb3 Rc1 50. Kb2 1/2-1/2